000 01156nam a2200253Ia 4500
999 _c54908
_d54908
001 21979
003 GE_BSU
005 20220920165412.0
008 181216s ||||ge |||||||||||||| ||geo||
040 _cGE_BSU
041 _ageo
080 _a821.353.1(092ლორთქიფანიძე, ნ.) ა-19
100 _aაბრამიშვილი, ელისო
_914649
245 _aნიკო ლორთქიფანიძე /
_cელისო აბრამიშვილი ; რედ. ნ. ჯოლოხავა.
250 _aპირველი გამოცემა
264 _aთბილისი :
_bნაკადული,
_c1977.
300 _a275 გვ. :
_b1 ფ. პორტრეტი ;
_c20 სმ.
490 _aგამოჩენილ ადამიანთა ცხოვრება
_v 57
541 _h6ლ.
653 _aნიკო ლორთქიფანიძე
653 _aქართული ლიტერატურა
653 _aქართული ლიტერატურის ისტორია და კრიტიკა.
942 _cBK
_2udc